| 000 | 00596nam a2200121Ia 4500 | ||
|---|---|---|---|
| 008 | 220620s9999||||xx |||||||||||||| ||und|| | ||
| 245 | 0 |
_aCastells in Africa _bUniversities and Development |
|
| 546 | _aEnglish[eng] | ||
| 650 | _auniversity||higher education||development||Africa||functions | ||
| 700 | _aCastells, ManuelMuller, Johan||Cloete, Nico||van Schalkwyk, Francois | ||
| 856 | _uhttps://library.oapen.org/bitstream/20.500.12657/38238/1/Castells_in_Africa_9781920677923_WEB.pdf||https://library.oapen.org/bitstream/20.500.12657/38238/1/Castells_in_Africa_9781920677923_WEB.pdf | ||
| 942 | _cEB | ||
| 999 |
_c27383 _d27383 |
||